000 00692nam a2200181Ia 4500
005 20250423101222.0
008 250422s9999 xx 000 0 und d
020 _a9781032306728
050 _aPN 1998.3 .D364 .M39/
100 _aMayward, Joel
245 4 _aThe Dardenne Brothers' cinematic parables
260 _aLondon
260 _bRoutledge
260 _c2024
300 _axi, 246p. ill.
650 _a Dardenne, Jean-Pierre, 1951---Criticism and interpretation. Dardenne, Luc, 1954---Criticism and interpretation. Motion pictures--Religious aspects--Christianity. Motion pictures--Moral and ethical aspects. Motion pictures--Belgium--History.
942 _cBK
999 _c35646
_d35646